| 000 -LEADER |
| fixed length control field |
01070nam a22001937a 4500 |
| 005 - DATE AND TIME OF LATEST TRANSACTION |
| control field |
20260123084455.0 |
| 008 - FIXED-LENGTH DATA ELEMENTS--GENERAL INFORMATION |
| fixed length control field |
230712b ||||| |||| 00| 0 eng d |
| 040 ## - CATALOGING SOURCE |
| Transcribing agency |
SSBUL |
| Modifying agency |
SSBUL |
| 082 ## - DEWEY DECIMAL CLASSIFICATION NUMBER |
| Edition number |
23 |
| Classification number |
၉၂၃.၂၀၀၉၅၉၁ မြ ၁၆၁၃၇ (S-SAT) |
| 100 ## - MAIN ENTRY--PERSONAL NAME |
| Personal name |
မြဝင်း။ |
| 9 (RLIN) |
27848 |
| 245 ## - TITLE STATEMENT |
| Title |
တပ်မတော်ခေါင်းဆောင်များ သမိုင်းအကျဉ်း / |
| Statement of responsibility, etc. |
မြဝင်း။ |
| 260 ## - PUBLICATION, DISTRIBUTION, ETC. |
| Place of publication, distribution, etc. |
ရန်ကုန်၊ |
| Name of publisher, distributor, etc. |
မြန်မာ့အလင်းသတင်းစာတိုက်၊ |
| Date of publication, distribution, etc. |
၁၉၉၁။ |
| 300 ## - PHYSICAL DESCRIPTION |
| Extent |
၈၈ စာမျက်နှာ၊ |
| Dimensions |
၂၃ စင်တီ။ |
| 500 ## - GENERAL NOTE |
| General note |
S-SAT: Dr. Prof Sai Aung Tun |
| 650 ## - SUBJECT ADDED ENTRY--TOPICAL TERM |
| Topical term or geographic name entry element |
အတ္ထုပ္ပတ္တိ |
| Form subdivision |
စစ်ဘက်ဆိုင်ရာပုဂ္ဂိုလ်များ။ |
| 9 (RLIN) |
27849 |
|
| Topical term or geographic name entry element |
အတ္ထုပ္ပတ္တိ |
| Geographic subdivision |
မြန်မာနိုင်ငံ။ |
| 9 (RLIN) |
27648 |
| 651 ## - SUBJECT ADDED ENTRY--GEOGRAPHIC NAME |
| Geographic name |
မြန်မာနိုင်ငံ |
| Form subdivision |
တပ်မတော်။ |
| 9 (RLIN) |
27769 |
| 942 ## - ADDED ENTRY ELEMENTS (KOHA) |
| Source of classification or shelving scheme |
|
| Koha item type |
Book (Short term) |